Didaktické pomůcky ve výuce náboženství a katechezi

Bibliographic Details
Main Authors: Fojtíková Roubalová, Marcela (Author), Jablonský, Tomáš, 1976- (Author)
Format: Book
Language:Czech
PhysicalDescription:186 s. grafy, tab. 26 cm
Published: Ružomberok Verbum Katolícka univerzita 2015
ISBN:9788056102077
Subjects:

MARC

LEADER 00000nam a2200000 a 4500
001 vtls010865601
003 SK-MaSNL
005 20260302013742.0
008 240313s2015 xo da e n 000 0 cze
015 |a SNBA2015/09 
020 |a 9788056102077  |q (brož.) 
035 |a 0FA249D8-B41B-4916-AA24-B089C69414CF 
035 |a urn:nbn:sk:snk-aml75v 
035 |a urn:nbn:sk:snk-am008tx4 
040 |a SNK  |b slo  |c SNK  |e AACR2 
041 0 |a cze 
044 |a xo  |c SK 
072 7 |a 27  |x Kresťanstvo. Kresťanská cirkev všeobecne. Ekleziológia  |2 konspekt 
072 7 |a 37  |x Výchova a vzdelávanie  |2 konspekt 
080 |a 2-47  |2 2001 
080 |a 27-75  |2 2001 
080 |a (072)  |2 2001 
080 |a 371.3  |2 2001 
100 1 |a Fojtíková Roubalová, Marcela  |4 aut  |9 509700 
245 1 0 |a Didaktické pomůcky ve výuce náboženství a katechezi  |c Marcela Fojtíková Roubalová, Tomáš Jablonský 
260 |a Ružomberok  |b Verbum  |b Katolícka univerzita  |c 2015 
300 |a 186 s.  |b grafy, tab.  |c 26 cm 
366 |e 150 výt. 
504 |a Bibliogr.: s. 181-186 ; bibliogr. odkazy ; zoz. skrat. 
650 0 7 |a náboženská výchova  |2 SNKPH  |9 67239 
650 0 7 |a katechéza  |2 SNKPH  |9 4064 
650 0 7 |a Religious education  |2 SNKPHeng  |9 319854 
650 0 7 |a Catechesis  |2 SNKPHeng  |9 315773 
650 0 7 |a vyučovanie  |2 SNKPH  |9 1522 
650 0 7 |a Teaching  |2 SNKPHeng  |9 267199 
655 7 |a učebné pomôcky  |2 SNKPH  |9 70567 
655 7 |a Teaching aids  |2 SNKPHeng  |9 315691 
700 1 |a Jablonský, Tomáš,  |d 1976-  |4 aut  |9 252716 
919 |a 978-80-561-0207-7 
958 |a NB 
958 |a NT 
958 |a CZ 
999 |c 1014321  |d 1016251 
952 |a SNK  |b SNK  |y PREZ  |7 0  |p 17A1170773  |o snkSB 88851  |i snk2015/25905  |8 0  |0 0  |1 0  |4 0  |d 2015-09-09  |f 1  |l 0  |r 2025-05-09 00:00:00  |w 2026-02-24 
952 |a SNK  |b SNK  |y VYP  |7 0  |p 17A1170774  |o snkSB 88851 D1  |i snk2015/25906  |8 0  |0 0  |1 0  |4 0  |d 2015-09-09  |l 0  |r 2026-02-24 13:04:08  |w 2026-02-24